Normal view
MARC view
Entry Meeting Name
001 - CONTROL NUMBER
- control field: 19407
003 - CONTROL NUMBER IDENTIFIER
- control field: OSt
005 - DATE AND TIME OF LATEST TRANSACTION
- control field: 20211105134411.0
008 - FIXED-LENGTH DATA ELEMENTS
- fixed length control field: 211105|| aca||aabn | a|a d
040 ## - CATALOGING SOURCE
- Original cataloging agency: OSt
- Transcribing agency: OSt
111 ## - HEADING--MEETING NAME
- Meeting name or jurisdiction name as entry element: International Workshop on the Dark Side of the Universe, Experimental Efforts and theoretical Framework
- Location of meeting: Roma
- Date of meeting or treaty signing: 1993 June 23-25
670 ## - SOURCE DATA FOUND
- Source citation: Work cat.: (OSt): International Workshop on the Dark Side of the Universe, Experimental Efforts and theoretical Framework Roma 1993 June 23-25, the dark side of the universe, 1994